Norway to Portugal by Land - Statistics

General Stats
  • This quiz has been taken 303 times
  • The average score is 5 of 6
Answer Stats
country % Correct
Spain
85%
France
84%
Germany
84%
Russia
75%
Poland
73%
Belarus or Ukraine
63%
No matching quizzes found
Score Distribution
Percent of People with Each Score
Percentile by Number Answered
Your Score History
You have not taken this quiz